=LDR 00000nam 2200000 4500 =001 NUTBA000000000000882 =005 20140403152340.0 =006 =007 =008 =020 ##$$a 978-979-25-4668-2 =035 ##$$0010-041400000000152 =040 ##$$b Ind =090 ##$$a 618.2 $bSri $cw =100 ##$$a Sri Rahayu, Niken =245 ##$$a Waspadai dan Cegah Keguguran =260 ##$$a Yogyakarta $bKatahati $c2010 =300 ##$$a 118 hlm.$c 21cm. =650 ##$$a Kebidanan =850 ##$$a NBPDMAT =990 ##$$a 21006805 =990 ##$$a 92684/BPAP-NTB/2014 =990 ##$$a 93529/BPAP-NTB/2014 =990 ##$$a 0001/BPAP-NTB/20142015